Semblanzas de Quibdó : (Registro nro. 9013)

Detalles MARC
000 -CABECERA
Campo de control 01198nam a22002897a 4500
005 - FECHA Y HORA DE LA ULTIMA TRANSACCION
Campo de control 20150324165915.0
008 - ELEMENTOS DE LONGITUD FIJA—INFORMACION GENERAL
Campo de control 140530s2012 ck ab gr 00010 spa d
020 ## - ISBN
ISBN 9789585773714
040 ## - FUENTE DE CATALOGACIÓN
Agencia catalogadora original CO-BoBLA
Agencia transcriptora CO-BoBLA
Agencia Modificadora Co-BoIAVH
041 ## - IDIOMA
Código de idioma para texto/pista de sonido o título separado Español
044 ## - PAÍS DE PUBLICACIÓN
País de publicación Colombia
082 04 - NUMERO DE CLASIFICACION DECIMAL DEWEY
Número de clasificación 918.6151
Número del ítem P15s
100 1# - ASIENTO PRINCIPAL--NOMBRE PERSONAL
Nombre personal Palacios Mosquera, Omar,
Fechas asociadas con el nombre 1945-
245 10 - MENCION DE TITULO
Título Semblanzas de Quibdó :
Parte restante del título la alegre villa de Asís /
260 ## - PUBLICACION, DISTRIBUCION, ETC. (PIE DE IMPRENTA)
Lugar de publicación, distribución, etc. Medellín :
Nombre del editor, distribuidor, etc. Instituto de Investigaciones Ambientales del Pacífico,
Fecha de publicación, distribución, etc. 2012.
300 ## - DESCRIPCION FISICA
Extensión 179 p. :
Otros detalles físicos il., mapas ;
Dimensiones 23 cm.
504 ## - NOTA DE BIBLIOGRAFIA, ETC.
Nota de bibliografía Incluye referencias bibliográficas (p. 179)
650 #4 - ASIENTO SECUNDARIO DE MATERIA - TERMINO TEMATICO
Término temático o nombre geográfico como elemento de entrada Economía
Subdivisión general Historia
Subdivisión geográfica Quibdó (Chocó, Colombia)
650 #4 - ASIENTO SECUNDARIO DE MATERIA - TERMINO TEMATICO
Término temático o nombre geográfico como elemento de entrada Cultura
Subdivisión geográfica Quibdó (Chocó, Colombia)
650 #4 - ASIENTO SECUNDARIO DE MATERIA - TERMINO TEMATICO
Término temático o nombre geográfico como elemento de entrada Administración municipal
Subdivisión geográfica Quibdó (Chocó, Colombia)
650 #4 - ASIENTO SECUNDARIO DE MATERIA - TERMINO TEMATICO
Término temático o nombre geográfico como elemento de entrada Personajes
Subdivisión geográfica Quibdó (Chocó, Colombia)
Subdivisión de forma Biografías.
650 #4 - ASIENTO SECUNDARIO DE MATERIA - TERMINO TEMATICO
Término temático o nombre geográfico como elemento de entrada Transporte
Subdivisión general Historia
Subdivisión geográfica Quibdó (Chocó, Colombia)
651 #4 - ASIENTO SECUNDARIO DE MATERIA - NOMBRE GEOGRAFICO
Nombre geográfico Quibdó (Chocó, Colombia)
Subdivisión general Historia.
651 #4 - ASIENTO SECUNDARIO DE MATERIA - NOMBRE GEOGRAFICO
Nombre geográfico Quibdó (Chocó, Colombia)
Subdivisión general Descripción.
856 ## - LOCALIZACION Y ACCESO ELECTRONICOS
Identificador Uniforme del Recurso http://iiap.org.co/revistas/SemblanzasDeQuibdo.pdf
942 ## - ELEMENTOS ADICIONALES (KOHA)
Sistema de clasificación Dewey Decimal Classification
Tipo de ítem Libro
Existencias
Withdrawn status Lost status Sistema de Clasificación Damaged status No para préstamo Colección Inventariado Ubicación Permanente Ubicación actual Fecha de adquisición Fuente de Valor Valor Total Checkouts Número topográfico Inventario / Código de Barras Date last seen Ejemplar Price effective from Forma de adquisición Tipo de material
    Dewey Decimal Classification     General Inventariado 2017 Bogotá Bogotá 16/01/2015 Instituto 39000.00   LB-918.6151 P15s 038496 16/01/2015 Ej. 1 16/01/2015   Libro